000 00494nam a2200181Ia 4500
999 _c15066
_d15066
003 OSt
005 20201116121650.0
008 190216s9999||||xx |||||||||||||| ||und||
040 _coclc
082 _a428.1
_bSEN/I
100 _aSenguptha, Amitav
_96611
245 0 _aInstant Vocabulary /
_cAmitav Sengupta
250 _a1st Ed.
260 _bM.B.D Publishers,
_aDelhi;
_c2000.
300 _a764p
650 _aEnglish
942 _cBK
_2ddc
_h428.1
_iSEN/I
_k428.1
_mSEN/I